000 00614nam a2200241Ia 4500
003 0100
008 130303s9999 xx 000 0 und d
020 _a0262582058
040 _cARRUPELIB
050 _aB3258.H322E5 2001
100 _aHabermas, Jurgen
245 4 _aThe Liberating Power of Symbols
245 _bPhilosophical Essays
260 _aMassachusetts
260 _bThe MIT Press
260 _C2001
300 _a130p.
300 _b 23cm
440 _aStudies in contemporary German social thought
650 _bWorld War, 1914-1918
700 _aDews, Peter (tr.)
942 _2lcc
_01
999 _c62930
_d62930